Efektívnosť výrobných faktorov v slovenskom poľnohospodárstve a jeho integrácia do Európskej únie

Faktory efektívnosti agrárneho odvetvia a jej vývoj. Využívanie výrobných faktorov v poľnohospodárskych podnikoch. Vybrané ukazovatele ziskových a stratových podnikov. Vstup SR do EÚ a konkurenčná schopnosť slovenských poľnohospodárskych podnikov.

Enregistré dans:
Détails bibliographiques
Auteur principal: Szabo, Ľuboslav
Format: Chapitre de livre
Langue:slovaque
Sujets:
Tags: Ajouter un tag
Pas de tags, Soyez le premier à ajouter un tag!

MARC

LEADER 00000naa$a2200000$$$4500
001 0042305
005 20240502071514.2
041 0 |a slo 
044 |a SK 
245 1 0 |a Efektívnosť výrobných faktorov v slovenskom poľnohospodárstve a jeho integrácia do Európskej únie  |c Ľuboslav Szabo 
520 |a Faktory efektívnosti agrárneho odvetvia a jej vývoj. Využívanie výrobných faktorov v poľnohospodárskych podnikoch. Vybrané ukazovatele ziskových a stratových podnikov. Vstup SR do EÚ a konkurenčná schopnosť slovenských poľnohospodárskych podnikov. 
610 2 0 |a poľnohospodárstvo 
610 2 0 |a Slovensko 
610 2 0 |a faktory výrobné 
610 2 0 |a efektívnosť 
610 2 0 |a integrácia ekonomická medzinárodná 
610 2 0 |a Európska únia 
610 2 0 |a ukazovatele 
610 2 0 |a podnik poľnohospodársky 
610 2 0 |a konkurencieschopnosť 
100 1 |a Szabo, Ľuboslav